00412nam a22001457a 450000500170000000800410001702000130005804100130007108200130008410000130009724500430011026000570015330000300021065000260024020240220073219.0240220b |||||||| |||| 00| 0 eng d a10233806 aEnglish  a349 BUT  lEnglish  aButterworths Law Reports : Labour Law  aDurban : bButterworth Publishers (Pty) Ltd, c1999  bxviii, 98 pages c25 cm.  aLegal practice bLaw